| 000 | 00583nam a2200205 i 4500 | ||
|---|---|---|---|
| 001 | 96653 | ||
| 003 | ES-MaACL | ||
| 005 | 20230906181944.0 | ||
| 007 | t| | ||
| 008 | 050629s1958 sp ||||1| spa d | ||
| 100 | 1 |
_aManegat, Julio. _975966 |
|
| 245 | 1 | 3 |
_aLa ciudad amarilla _b: novela / _cJulio Manegat. |
| 250 | _a[1ª ed.]. | ||
| 260 |
_aBarcelona : _bPlaneta, _c1958. |
||
| 300 |
_a336 p. ; _c19 cm. |
||
| 490 | 1 | _aAutores españoles contemporáneos | |
| 830 | 0 |
_aAutores españoles contemporáneos _9180811 |
|
| 852 |
_aES-MaACL _jC-15683 _bR.43828 |
||
| 999 |
_c96653 _d96653 |
||